02434cam a22003614a 4500999001700000001000900017003000900026005001700035008004100052020001800093040003800111043001200149082002000161100004500181245006900226250001900295264005400314300002300368336002600391337002800417338002700445520109400472650005201566650004001618650005701658650003801715651004401753653002201797655004301819700003701862942001201899952016101911 c15462d1546215879129EG-ScBUE20210121130617.0090824s2010 nyu f 000 1 eng d a9780316036238 aDLCbengerdacDLCdDLCdEG-ScBUE an-us-ny04a813.54bPAT2221 aPatterson, James,d1947-eauthor.92439510aDon't blink :ba novel /cby James Patterson and Howard Roughan. aFirst edition. 1aNew York, NY :bLittle, Brown and Company,c2010. a376 pages ;c25 cm 2rdacontentatextbtxt 2rdamediaaunmediatedbn 2rdacarrieravolumebnc aThe good: New York's Lombardo's Steak House is famous for three reasons, the menu, the clientele, and now, the gruesome murder of an infamous mob lawyer. Effortlessly, the assassin slips through the police's fingers, and his absence sparks a blaze of accusations about who ordered the hit. The bad: Seated at a nearby table, reporter Nick Daniels is conducting a once-in-a-lifetime interview with a legendary baseball bad boy. In the chaos, he accidentally captures a key piece of evidence that lands him in the middle of an all-out war between Italian and Russian mafia forces. NYPD captains, district attorneys, mayoral candidates, media kingpins, and one shockingly beautiful magazine editor are all pushing their own agendas on both sides of the law. And the dead: Back off or die is the clear message Nick receives as he investigates for a story of his own. Heedless, and perhaps in love with his beautiful editor, Nick endures humiliation, threats, violence, and worse in a thriller that overturns every expectation and finishes with the kind of flourish only James Patterson knows. 7aLawyersxCrimes againstvFiction.2BUEsh924396 7aJournalistsvFiction.2BUEsh924397 7aAssassinationxInvestigationvFiction.2BUEsh924398 7aGangstersvFiction.2BUEsh924399 7aNew York (N.Y.)vFiction.2BUEsh924400 cMay2011bHHUUEENN 7aSuspense fiction.2gsafdvReading book1 aRoughan, Howard,eauthor.924402 2ddccBB 00102ddc40708BaccahaMAINbMAINc2NDd2011-05-29epurchaseg161.00h12344l8m36o813.54 PATp000023787r2025-10-22 00:00:00s2025-10-21w2011-05-29yBB